Girassol -Ivyson - Statistics

Estatísticas Gerais
  • Esse quiz foi jogado 16 vezes
  • A pontuação média é 189 de 243
Estatísticas das Respostas
Letra % Correto
a
100%
da
100%
de
100%
do
100%
girassol
100%
me
100%
o
100%
amor
80%
apertar
80%
barato
80%
busão
80%
cada
80%
cantei
80%
cantos
80%
carro
80%
cidade
80%
cigarros
80%
com
80%
confesso
80%
coração
80%
corpo
80%
curou
80%
dava
80%
deixei
80%
desisto
80%
dor
80%
e
80%
é
80%
em
80%
enche
80%
era
80%
escrevo
80%
esquina
80%
essa
80%
eternizei
80%
eu
80%
exagerado
80%
foi
80%
gente
80%
80%
janela
80%
lembra
80%
luzes
80%
mas
80%
não
80%
no
80%
nunca
80%
os
80%
passei
80%
por
80%
pra
80%
procurar
80%
quando
80%
que
80%
rima
80%
rimas
80%
sabes
80%
saciar
80%
saudade
80%
se
80%
sentir
80%
sol
80%
te
80%
tempo
80%
tempos
80%
ti
80%
todo
80%
todos
80%
tornou
80%
transas
80%
tu
80%
veja
80%
versos
80%
vi
80%
vício
80%
vinho
80%
decompor
60%
encanto
60%
errado
60%
escutei
60%
esquinas
60%
flor
60%
fracassei
60%
lamento
60%
levei
60%
nasci
60%
ou
60%
ouça
60%
para
60%
passou
60%
poder
60%
recompor
60%
supro
60%
teu
60%
ultima
60%
arde
40%
as
40%
bebi
40%
desfiz
40%
devia
40%
estava
40%
perto
40%
queria
40%
todas
40%
verdade
40%
noite
20%
num
20%
ouço
20%
percebo
20%
som
20%
Nenhum quiz correspondente encontrado
Distribuição das Pontuações
Porcentagem de Pessoas com Cada Pontuação
Percentil de Números Respondidos
Sua Pontuação Histórica
Você não jogou esse quiz